Olivia Rodrigo - Paroles prison for life - Statistiques

Statistiques générales
  • Ce quiz a été pris 29 fois
  • Le résultat moyen est 255 sur 381
Statistiques - réponses
Hint Réponse % Correct
I
100%
Couplet 2 | Refrain I'm
100%
for
95%
(Oh)
95%
oh
95%
a
90%
but
90%
But
90%
feminist
90%
ha
90%
life"
90%
Intro | Post-refrain Mm,
90%
mm,
90%
mm
90%
prison
90%
to
90%
he
86%
me,
86%
me
86%
me)
86%
obviously
86%
can
81%
If
81%
"If
81%
if
81%
Couplet 1 Just
81%
just
81%
And
76%
and
76%
savin'
76%
(Savin'
76%
can't
71%
goin'
71%
his
71%
like
71%
no
71%
protect
71%
protection
71%
protection)
71%
what
71%
change
67%
him
67%
man
67%
man)
67%
my
67%
think
67%
Think
67%
you,
67%
you
67%
You
67%
anybody
62%
fine
62%
in
62%
night
62%
(Night)
62%
really
62%
that
62%
told
62%
would
62%
"Baby
57%
bein'
57%
do
57%
He's
57%
he's
57%
hurts
57%
is,
57%
is
57%
know
57%
mind
57%
much
57%
myself
57%
not
57%
one
57%
so
57%
too
57%
without
57%
(Without
57%
boy
52%
forget
52%
girl"
52%
good
52%
got
52%
honest,
52%
I'd
52%
(I'd
52%
money,
52%
when
52%
wouldn't
52%
(Ah)
48%
calls
48%
I'll
48%
it,
48%
it
48%
never
48%
parents
48%
truck
48%
comes
43%
well
43%
Yeah,
43%
anything
38%
fun
38%
fun)
38%
kind
38%
(Kind
38%
need
38%
of
38%
rest
38%
run
38%
someone
38%
sweet
38%
bad
33%
don't
33%
hands
33%
it's
33%
love
33%
save
33%
tell
33%
the
33%
through
33%
as
29%
assured
29%
babe
29%
day,
29%
distress,
29%
God
29%
guys
29%
heart,
29%
keep
29%
safe
29%
your
29%
About
24%
around
24%
Chevy
24%
curls
24%
fantasize
24%
hell
24%
jail
24%
pretending
24%
robbers
24%
you'll
24%
arm
19%
damsel
19%
knows
19%
let
19%
marry
19%
there
19%
were
19%
even
14%
hot
14%
letters
14%
send
14%
Wrap
14%
assertiveness,
5%
Aucun quiz correspondant
Distribution des résultats
% des personnes avec chaque résultat
Percentile par nombre de réponses
Votre historique - résultats
Vous n’avez pas pris ce quiz